| 000 | 00413ntaaa2200157 4500 | ||
|---|---|---|---|
| 003 | 01 | ||
| 005 | 20251027201132.0 | ||
| 008 | 0714s1973 ag 01 | ||
| 040 |
_aAR-BaBN _bspa _cAR-BaBN _eaacr _dRIC |
||
| 082 | _a220 B712 | ||
| 100 |
_aBoneo, Elena Isaac _99060 |
||
| 245 |
_aIniciación al estudio de la Biblia / _cElena Isaac Boneo |
||
| 250 | _a1 ed. | ||
| 260 |
_aBuenos Aires : _bMercatali, _c1942 |
||
| 942 | _cBK | ||
| 999 |
_c5578 _d5578 |
||